000 00895nam a22002177a 4500
999 _c13216
_d13216
003 AR-CdUCM
008 190411b ||||| |||| 00| 0 spa d
040 _aMUNICIPALIDAD PROVINCIAL DEL CUSCO
_cBIBLIOTECA MUNICIPAL DEL CUSCO
082 _a346 /
_bAC188
110 _aComisión reformadora del código civil peruano
_929812
245 _aActas de las sesiones de la comisión reformadora del código civil peruano /
260 _aLima :
_bGil,
300 _a222 páginas ;
_c21 cm.
440 _aFasciculo
_n9
_931490
505 _aContenido: Autorización para el matrimonio de menores -- Adopción -- Autorización para realizar actos y celebrar contratos referentes a menores e incapaces -- Aprobación de la constitución del hogar de familia ...
650 _aPeru
_9429
650 _aCodigo civil
_931491
650 _aActa
_931492
942 _2ddc
_cLIBROS
945 _acmm
_d2019-04-11